|
|
|
|
| LEADER |
00000cam a2200000 a 4500 |
| 001 |
vtls001108035 |
| 003 |
SK-MaSNL |
| 005 |
20260301153524.0 |
| 008 |
250313s1980 xo a e n 000 0 slo |
| 015 |
|
|
|a SNBA1980
|
| 020 |
|
|
|q (brož.)
|
| 035 |
|
|
|a SNK000050877
|
| 035 |
|
|
|a urn:nbn:sk:snk-aml683
|
| 035 |
|
|
|a urn:nbn:sk:snk-am008uv2
|
| 035 |
|
|
|a CC866BD0-BCD0-4ACC-BEEA-F99F34D23187
|
| 040 |
|
|
|a SNK
|b slo
|c SNK
|e AACR2
|
| 041 |
0 |
|
|a slo
|
| 044 |
|
|
|a xo
|c SK
|
| 080 |
|
|
|a 519.2(075.8)
|2 1981
|
| 100 |
1 |
|
|a Bakytová, Hedviga,
|d 1932-
|4 aut
|9 36884
|
| 245 |
1 |
0 |
|a Teória štatistiky a pravdepodobnosti
|b časť: Štatistika 1
|c Hedviga Bakytová
|
| 246 |
3 |
0 |
|a Štatistika 1
|
| 250 |
|
|
|a 1. vyd.
|
| 260 |
|
|
|a Bratislava
|b Vysoká škola ekonomická
|c 1980
|
| 300 |
|
|
|a 194 s.
|b diagr., grafy, sch., tab.
|c 29 cm
|
| 366 |
|
|
|e 200 výt.
|
| 490 |
1 |
|
|a Vysokoškolské skriptá
|
| 504 |
|
|
|a Bibliogr.
|
| 650 |
0 |
7 |
|a matematická štatistika
|2 SNKPH
|9 777
|
| 650 |
0 |
7 |
|a teória pravdepodobnosti
|2 SNKPH
|9 104068
|
| 650 |
0 |
7 |
|a pravdepodobnostné metódy
|2 SNKPH
|9 472207
|
| 655 |
|
7 |
|a učebnice vysokých škôl
|2 SNKPH
|9 70191
|
| 830 |
|
0 |
|a Vysokoškolské skriptá
|9 276440
|
| 852 |
|
|
|a Slovenská národná knižnica
|
| 958 |
|
|
|a OND
|
| 958 |
|
|
|a NB
|
| 958 |
|
|
|a RM
|
| 958 |
|
|
|a UV
|
| 999 |
|
|
|c 793339
|d 795269
|
| 952 |
|
|
|a SNK
|b SNK
|y PREZ
|7 0
|p 17A0987380
|o snkSB 29890/1
|i snkKSP 3645/80
|0 0
|1 0
|4 0
|d 2014-10-20
|f 1
|l 0
|r 2025-04-02 00:00:00
|w 2026-02-24
|
| 952 |
|
|
|a SNK
|b SNK
|y VYP
|7 0
|o snkSB 29890/1 D1
|i snkKSP 3646/80
|0 0
|1 0
|4 0
|d 2014-10-20
|l 0
|r 2026-02-24 01:44:48
|w 2026-02-24
|